000 00470nam a2200193Ia 4500
008 240509s9999 xx 000 0 und d
020 _a0008120316622
041 _aEng
082 _a004.64
082 _bD26
100 _aDERFLER F. & FREED L.
245 0 _aPRACTICAL NETWORK CABLING
260 _bNEW DELHI : PRINTICE HALL
260 _c2000
300 _a258 p.
650 _aCABLING : COMPUTER NETWORKS : NETWORK HARDWARE
942 _2ddc
942 _cLBK
999 _c22088
_d22088
945 _a1
_bMadushi Gamage
_c1
_dMadushi Gamage